000 00701nam a2200241 a 4500
001 42210
003 BD-RjUL
005 20211209053516.0
008 160611s1957 iq 000 0 eng
035 _a(BD-RjUL)42328
040 _aDLC
_cOTU
_dOCoLC
_dBD-RjUL
_beng
041 _aeng
082 _a902.02
_223
_bSAM 1957
100 1 _aSaleh, Zaki.
_9129810
245 1 0 _aMesopotamia (Iraq) 1600-1914 :
_ba study in British foreign affairs /
_cZaki Saleh
260 _aBaghdad :
_bAl-Ma'aref Press,
_c1957.
300 _a[2], 317p. :
_bMaps ;
_c21 Semi.
500 _aIncludes Index
650 0 _aBritish
_zIraq.
_9129811
651 0 _aIraq
_xHistory.
_9129812
942 _2ddc
_cBK
999 _c42210
_d42210